000 00694nam a2200241Ia 4500
003 OSt
005 20220918201421.0
006 a|||||r|||| 00| 0
007 ta
008 220917b |||||||| |||| 00| 0 eng d
024 _a93,804
037 _cTextual
040 _aARTS
_cARTS
_beng
041 _2eng
_aeng
082 _aV1-3:26:N5, K1
100 _aHicks Ursula K
_998676
245 0 _aDevelopment from below
_b local government and finance in developing countries of the commonwealth
260 _aOxford
_bClarendon Press
_c1961
300 _a549p
_ccm.
650 _aHISTORY
942 _hV1-3:26:N5, K1
_cTEXL
_2CC
999 _c217446
_d217446